000 01066cab a2200313 4500
001 ABS59139
008 090401t1998 xxu||||| |||| 00| 0 eng d
035 _a(Sirsi) u88165
041 _aeng
245 _aCost update
260 _c1998
350 _a0
490 _aBuilding
_v263(8052) 14 August 1998, 55-57(3)
520 _aA quarterly analysis of changes to bill rates and materials prices prepared by Davis Langdon & Everest, together withdetails of the latest wage agreements for operatives and craftsmen. Includes an examination of cladding and roof covering prices in London, the South-east and East Anglia.
650 _aBUILDING MATERIALS PRICES
650 _aCIVIL ENGINEERING COST INDEX
650 _aCLADDING
650 _aEAST ANGLIA
650 _aLABOUR RATES
650 _aLANDSCAPING COST INDEX
650 _aLONDON
650 _aMATERIALS PRICES
650 _aREGIONAL VARIATIONS
650 _aROOF COVERINGS
650 _aSOUTH EAST
690 _aBUILT ENVIRONMENT-BUILDING COSTS
942 _n0
948 _c26/08/1998
999 _c55701
_d55701